000 00799nas a2200253 4500
001 BR2012003754
003 BR-BrBNA
005 20231205120607.0
007 ta
008 230509b bl.|||p| |||| 00| 00por d
040 _aBR-BrBNA
_bpor
_cBiblioteca Nacional de Agricultura
041 _a(Pt)
072 _aF63
100 1 _aPinheiro, M.
100 1 _aSchlindwein, C.
245 1 _aA Câmara nectarífera de Ipomoea cairica (Convolvulaceae)e abelhas de glossa longa como polinizadores eficientes
650 _aCONVOLVULACEAE
650 _aCORDA DE VIOLA
650 _aABELHA
650 _aPOLINIZAÇÃO
773 0 _tIheringia. Série Botânica (Brazil)
_xISSN 0073-4705
_g(Oct 1998), v. 51(1) p. 3-16
_wBR2012003754
909 _a202311
_bLúcia
_c55
_dLúcia Elande
942 _2AGRIS
_n0
_cANA
999 _c219304
_d219304